[Event "EU-Cup 38th"]
[Site "Durres"]
[Date "2023.10.02"]
[Round "2.5"]
[White "Sos Andreu, Eric"]
[Black "Postny, Evgeny"]
[Result "0-1"]
[WhiteElo "2354"]
[BlackElo "2568"]
[PlyCount "100"]
[EventDate "2023.10.01"]
[EventType "team-swiss"]
[EventRounds "7"]
[EventCountry "ALB"]
[SourceTitle "EXT 2024"]
[Source "ChessBase"]
[SourceDate "2023.10.10"]
[SourceVersion "1"]
[SourceVersionDate "2023.10.10"]
[SourceQuality "1"]
[WhiteTeam "Paterna Andreu"]
[BlackTeam "Beer Sheva"]
[WhiteTeamCountry "ESP"]
[BlackTeamCountry "ISR"]

1. d4 d5 2. c4 dxc4 3. e4 e5 4. Nf3 Bb4+ 5. Bd2 Bxd2+ 6. Qxd2 exd4 7. Nxd4 Ne7 8. Bxc4 a6 9. a4 Nbc6 10. Nxc6 Qxd2+ 11. Kxd2 Nxc6 12. Nc3 Bd7 13. Ke3 f5 14. Rhd1 0-0-0 15. f3 Rde8 16. Kf2 Ne5 17. Bd5 Rhf8 18. Kg1 f4 19. b4 g5 20. b5 a5 21. Rac1 g4 22. Bb3 gxf3 23. Nd5 c6 24. Nb6+ Kc7 25. Nxd7 Nxd7 26. gxf3 Ne5 27. Kf2 Rf6 28. Rc3 Rh6 29. Kg2 Re7 30. Rd2 Rg7+ 31. Kh1 Rhg6 32. Rd1 Rg2 33. Rf1 Rd2 34. Rg1 Rxg1+ 35. Kxg1 Kb6 36. bxc6 bxc6 37. Be6 Rd4 38. Kg2 Rxa4 39. Kh3 Rd4 40. Rb3+ Rb4 41. Rc3 Rb2 42. Kh4 h6 43. h3 a4 44. Kh5 Rd2 45. h4 Rd6 46. Bc4 c5 47. Be2 c4 48. Rc1 Kc5 49. Ra1 Ra6 50. Rd1 a3 0-1

[Event "Paterna 4th"]
[Site "Paterna"]
[Date "2023.09.25"]
[Round "2"]
[White "Castellanos Rodriguez, Renier"]
[Black "Sos Andreu, Eric"]
[Result "1-0"]
[WhiteElo "2597"]
[BlackElo "2376"]
[PlyCount "69"]
[EventDate "2023.09.25"]
[EventType "tourn"]
[EventRounds "7"]
[EventCountry "ESP"]
[SourceTitle "EXT 2024"]
[Source "ChessBase"]
[SourceDate "2023.10.10"]
[SourceVersion "1"]
[SourceVersionDate "2023.10.10"]
[SourceQuality "1"]

1. e4 c6 2. d4 d5 3. e5 Bf5 4. Nf3 e6 5. Be2 Ne7 6. c3 Ng6 7. 0-0 f6 8. exf6 Qxf6 9. Bg5 Qf7 10. Nh4 Nxh4 11. Bxh4 Bd6 12. Bh5 g6 13. Bf3 0-0 14. Re1 Nd7 15. Nd2 e5 16. Bg3 Rae8 17. Qb3 b6 18. c4 Be6 19. cxd5 Bxd5 20. Bxd5 cxd5 21. Nf3 Bb8 22. Ng5 Qe7 23. Qxd5+ Kh8 24. Nf3 e4 25. Ne5 Nf6 26. Qb3 Qe6 27. Qxe6 Rxe6 28. Rac1 Nh5 29. Rxe4 Nxg3 30. hxg3 Rd6 31. Rc6 Rd5 32. Re6 Kg8 33. Nf3 Rfd8 34. Re7 R5d7 35. Rxd7 1-0

[Event "Paterna 4th"]
[Site "Paterna"]
[Date "2023.09.25"]
[Round "7"]
[White "Sanchez Corujo, Jose Ignacio"]
[Black "Sos Andreu, Eric"]
[Result "1/2-1/2"]
[WhiteElo "2171"]
[BlackElo "2376"]
[PlyCount "157"]
[EventDate "2023.09.25"]
[EventType "tourn"]
[EventRounds "7"]
[EventCountry "ESP"]
[SourceTitle "EXT 2024"]
[Source "ChessBase"]
[SourceDate "2023.10.10"]
[SourceVersion "1"]
[SourceVersionDate "2023.10.10"]
[SourceQuality "1"]

1. e4 c6 2. d4 d5 3. Nc3 dxe4 4. Nxe4 Nf6 5. Nxf6+ exf6 6. c3 Bd6 7. Bd3 0-0 8. Ne2 Re8 9. 0-0 Nd7 10. Bf4 Nf8 11. Bxd6 Qxd6 12. Qd2 Be6 13. Ng3 Qd7 14. Rfe1 f5 15. Nh5 Qd8 16. Nf4 Qg5 17. Re2 Bd7 18. Rae1 Rxe2 19. Rxe2 g6 20. g3 Qf6 21. Re5 Ne6 22. Nxe6 Bxe6 23. a3 Rd8 24. Qe3 Kg7 25. h4 h5 26. Qf4 b6 27. Bf1 Bd5 28. Re3 Be4 29. Bg2 Bxg2 30. Kxg2 c5 31. dxc5 Qc6+ 32. Qf3 Qxc5 33. Rd3 Re8 34. Qd5 Qc8 35. Qd7 Qa8+ 36. Qd5 Qb8 37. Qd4+ Kg8 38. Kf1 Qb7 39. Qd5 Qa6 40. Qd7 Re4 41. Kg2 Qc4 42. Qd5 Qa4 43. Rd4 Qc2 44. Rxe4 fxe4 45. Qd8+ Kh7 46. Qe7 Qb3 47. Kh3 Kg7 48. Qe5+ Kh7 49. Qe7 Qd5 50. Kh2 Qf5 51. Kg1 Qf3 52. Qe5 a5 53. Qd5 Kg8 54. Qd8+ Kg7 55. Qd4+ Kh7 56. Qd5 a4 57. c4 Kg8 58. Qd8+ Kg7 59. Qd4+ Kh7 60. Qd5 Kg7 61. Qd4+ Kf8 62. Qd6+ Ke8 63. Qc6+ Ke7 64. Qc7+ Kf8 65. Qd8+ Kg7 66. Qd4+ Kh7 67. Qd5 Kg8 68. Qd8+ Kg7 69. Qd4+ f6 70. Qd7+ Kh6 71. Qd2+ g5 72. hxg5+ fxg5 73. Qd6+ Kh7 74. Qe7+ Kg6 75. Qe6+ Kg7 76. Qe7+ Kh6 77. Qe6+ Kh7 78. Qe7+ Kg6 79. Qe6+ 1/2-1/2

[Event "Paterna 4th"]
[Site "Paterna"]
[Date "2023.09.25"]
[Round "4"]
[White "Sos Andreu, Eric"]
[Black "Llobel Cortell, Enrique"]
[Result "1-0"]
[WhiteElo "2376"]
[BlackElo "2297"]
[PlyCount "75"]
[EventDate "2023.09.25"]
[EventType "tourn"]
[EventRounds "7"]
[EventCountry "ESP"]
[SourceTitle "EXT 2024"]
[Source "ChessBase"]
[SourceDate "2023.10.10"]
[SourceVersion "1"]
[SourceVersionDate "2023.10.10"]
[SourceQuality "1"]

1. d4 d6 2. Nf3 Bg4 3. g3 Bxf3 4. exf3 d5 5. c4 e6 6. Qb3 b6 7. Nc3 c6 8. cxd5 exd5 9. Bd3 Nf6 10. 0-0 Be7 11. Bf4 0-0 12. Rfe1 Nbd7 13. Rac1 Nh5 14. Be3 Nhf6 15. Kg2 Re8 16. Ba6 Qb8 17. Bf4 Bd6 18. Rxe8+ Nxe8 19. Nxd5 cxd5 20. Rc8 Bxf4 21. Rxb8 Rxb8 22. gxf4 Ndf6 23. Qc3 g6 24. Bb5 Rd8 25. Bxe8 Rxe8 26. Kf1 Kg7 27. Qc7 Nh5 28. Qxa7 Re6 29. Qc7 Rf6 30. Qe5 Nxf4 31. a4 g5 32. Qxg5+ Ng6 33. Qxd5 Nf4 34. Qg5+ Ng6 35. b4 h6 36. Qb5 Nf4 37. a5 bxa5 38. bxa5 1-0

[Event "Guardamar Esphouses op 1st"]
[Site "Guardamar del Segura"]
[Date "2023.09.09"]
[Round "8"]
[White "Garcia Molina, Jose"]
[Black "Sos Andreu, Eric"]
[Result "0-1"]
[WhiteElo "2218"]
[BlackElo "2356"]
[PlyCount "130"]
[EventDate "2023.09.04"]
[EventType "swiss"]
[EventRounds "9"]
[EventCountry "ESP"]
[SourceTitle "EXT 2024"]
[Source "ChessBase"]
[SourceDate "2023.10.10"]
[SourceVersion "1"]
[SourceVersionDate "2023.10.10"]
[SourceQuality "1"]

1. d4 Nf6 2. c4 g6 3. Nf3 Bg7 4. g3 c5 5. d5 d6 6. Bg2 0-0 7. 0-0 e6 8. Nc3 exd5 9. cxd5 Re8 10. Bf4 a6 11. a4 Qc7 12. Rc1 Nh5 13. Bd2 Qe7 14. Re1 Nd7 15. Bg5 Nhf6 16. Qd2 Qf8 17. Qc2 h6 18. Bd2 Ng4 19. a5 b5 20. b3 Bb7 21. h3 Nge5 22. Nxe5 Nxe5 23. f4 Nd7 24. e4 Rac8 25. Bf3 Ba8 26. Re2 Qe7 27. Rce1 Qd8 28. h4 b4 29. Nd1 h5 30. Nf2 Qxa5 31. g4 hxg4 32. Bxg4 Rc7 33. h5 Nf8 34. hxg6 fxg6 35. Qc4 Qb5 36. e5 Rce7 37. Nd3 Qb7 38. Bf3 Nd7 39. Qe4 Nf8 40. Qc4 Qc8 41. e6 a5 42. f5 gxf5 43. Bg5 Bd4+ 44. Kf1 Rg7 45. Be3 Bxe3 46. Rxe3 Ng6 47. Bh5 Bb7 48. Rh3 Ba6 49. Qc1 Qd8 50. Qh6 Bxd3+ 51. Kf2 Qf6 52. Bxg6 Rxg6 53. Qh7+ Kf8 54. Rxd3 Rg7 55. Qh5 Ke7 56. Rf3 f4 57. Rh3 Reg8 58. Qh4 Rg2+ 59. Kf3 R2g3+ 60. Kf2 Rxh3 61. Qxh3 Rh8 62. Qg4 Qd4+ 63. Kf3 Qxd5+ 64. Kxf4 Qd2+ 65. Kf3 Rf8+ 0-1

[Event "Guardamar Esphouses op 1st"]
[Site "Guardamar del Segura"]
[Date "2023.09.09"]
[Round "9"]
[White "Sos Andreu, Eric"]
[Black "Djabri, Massinas"]
[Result "1/2-1/2"]
[WhiteElo "2356"]
[BlackElo "2228"]
[PlyCount "94"]
[EventDate "2023.09.04"]
[EventType "swiss"]
[EventRounds "9"]
[EventCountry "ESP"]
[SourceTitle "EXT 2024"]
[Source "ChessBase"]
[SourceDate "2023.10.10"]
[SourceVersion "1"]
[SourceVersionDate "2023.10.10"]
[SourceQuality "1"]

1. d4 Nf6 2. c4 e6 3. g3 d5 4. Nf3 dxc4 5. Bg2 c6 6. Ne5 Bb4+ 7. Nc3 Nd5 8. Bd2 Nb6 9. Ne4 Be7 10. Ba5 0-0 11. Nxc4 c5 12. Qb3 cxd4 13. Nxb6 axb6 14. Bxb6 Qd7 15. 0-0 Qa4 16. Qxa4 Rxa4 17. b3 Rb4 18. Bc5 Bxc5 19. Nxc5 Na6 20. Rfc1 Nxc5 21. Rxc5 b6 22. Rc7 Ba6 23. Bf3 g5 24. h3 Rb5 25. Ra7 Ra5 26. b4 Ra4 27. Bc6 b5 28. Bd7 Rd8 29. a3 Rb8 30. Rc1 Rb7 31. Ra8+ Kg7 32. Be8 Re7 33. Kf1 e5 34. Ke1 e4 35. e3 dxe3 36. fxe3 Rxa3 37. Bxb5 Rxe3+ 38. Kd2 Rxg3 39. Rxa6 e3+ 40. Ke2 Rg2+ 41. Kf3 Rf2+ 42. Kg3 h5 43. Re1 Rb2 44. Bd3 Rxb4 45. Ra2 Rd4 46. Ra3 Rf4 47. Re2 Rd4 1/2-1/2

[Event "Titled Tuesday intern op 18th Jul Late"]
[Site "Chess.com INT"]
[Date "2023.07.18"]
[Round "8"]
[White "Pinheiro, Iung Alicio"]
[Black "Sos Andreu, Eric"]
[Result "1-0"]
[WhiteElo "2306"]
[BlackElo "2362"]
[PlyCount "73"]
[EventDate "2023.07.18"]
[EventType "swiss (blitz)"]
[EventRounds "11"]
[EventCountry "USA"]
[SourceTitle "EXT 2024"]
[Source "ChessBase"]
[SourceDate "2023.10.10"]
[SourceVersion "1"]
[SourceVersionDate "2023.10.10"]
[SourceQuality "1"]

1. e4 c6 2. Nc3 d5 3. Nf3 Bg4 4. h3 Bxf3 5. Qxf3 e6 6. a3 Nd7 7. d3 Ngf6 8. g3 Be7 9. Bg2 0-0 10. 0-0 Rc8 11. Qe2 dxe4 12. dxe4 e5 13. f4 Bc5+ 14. Kh1 Qe7 15. Bd2 Bd4 16. Rae1 Rce8 17. Nd1 Qe6 18. c3 Bb6 19. Nf2 exf4 20. gxf4 Nc5 21. e5 Nfd7 22. Ng4 Qa2 23. Be3 Na4 24. Rf2 h5 25. Nh2 Bxe3 26. Qxe3 Ndb6 27. Bf3 Nxb2 28. Qe2 N6c4 29. Rg1 Qxa3 30. Rfg2 g6 31. Bxh5 Kh7 32. Bxg6+ fxg6 33. Rxg6 Rf5 34. Qg4 Qf8 35. Qh4+ Rh5 36. Qxh5+ Qh6 37. Qxh6# 1-0

[Event "Titled Tuesday intern op 18th Jul Late"]
[Site "Chess.com INT"]
[Date "2023.07.18"]
[Round "1"]
[White "Pironti, Francisco Ferrari"]
[Black "Sos Andreu, Eric"]
[Result "1-0"]
[WhiteElo "1959"]
[BlackElo "2362"]
[PlyCount "109"]
[EventDate "2023.07.18"]
[EventType "swiss (blitz)"]
[EventRounds "11"]
[EventCountry "USA"]
[SourceTitle "EXT 2024"]
[Source "ChessBase"]
[SourceDate "2023.10.10"]
[SourceVersion "1"]
[SourceVersionDate "2023.10.10"]
[SourceQuality "1"]

1. e4 c6 2. d4 d5 3. exd5 cxd5 4. Bd3 Nc6 5. c3 Qc7 6. h3 g6 7. Nf3 Bf5 8. 0-0 Nf6 9. Re1 Bxd3 10. Qxd3 Bg7 11. Nbd2 0-0 12. Ne5 a6 13. Ndf3 Ne4 14. Bf4 Qc8 15. c4 e6 16. cxd5 exd5 17. Rac1 Qf5 18. Nxc6 bxc6 19. Be5 c5 20. Bxg7 c4 21. Qc2 Kxg7 22. Ne5 Rfe8 23. b3 cxb3 24. axb3 Rac8 25. Qe2 Nc3 26. Qxa6 Ne4 27. Qe2 Rxc1 28. Rxc1 Rb8 29. Rc7 Nd6 30. Rd7 Rb6 31. Qa2 Qf4 32. Qa7 Qc1+ 33. Kh2 Qf4+ 34. Kg1 Rxb3 35. Qa2 Rb6 36. Rc7 Qxd4 37. Qe2 Rb1+ 38. Kh2 Qf4+ 39. g3 Qf6 40. Ng4 Qa1 41. Rd7 Rh1+ 42. Kg2 Qg1+ 43. Kf3 Ne4 44. Rxd5 Qb1 45. Qxe4 Qb3+ 46. Ne3 Rc1 47. Qd4+ Kh6 48. Qh4+ Kg7 49. Qd4+ Kh6 50. g4 f6 51. g5+ fxg5 52. Qg4 Qc2 53. Qxg5+ Kg7 54. Rd7+ Kf8 55. Qd8# 1-0

[Event "Titled Tuesday intern op 18th Jul Late"]
[Site "Chess.com INT"]
[Date "2023.07.18"]
[Round "9"]
[White "Sos Andreu, Eric"]
[Black "Troff, Kayden W"]
[Result "1-0"]
[WhiteElo "2362"]
[BlackElo "2483"]
[PlyCount "99"]
[EventDate "2023.07.18"]
[EventType "swiss (blitz)"]
[EventRounds "11"]
[EventCountry "USA"]
[SourceTitle "EXT 2024"]
[Source "ChessBase"]
[SourceDate "2023.10.10"]
[SourceVersion "1"]
[SourceVersionDate "2023.10.10"]
[SourceQuality "1"]

1. d4 Nf6 2. c4 g6 3. Nc3 d5 4. cxd5 Nxd5 5. e4 Nxc3 6. bxc3 Bg7 7. Be3 c5 8. Nf3 Qa5 9. Nd2 Be6 10. Be2 0-0 11. 0-0 Na6 12. d5 Bd7 13. Nb3 Qxc3 14. Rc1 Qe5 15. Nxc5 Nxc5 16. Rxc5 Qxe4 17. Rc7 Rfd8 18. Rxb7 Bc6 19. Bf3 Qe5 20. dxc6 Rxd1 21. Rxd1 Rc8 22. c7 Bf8 23. Rc1 e6 24. g3 g5 25. h4 h6 26. hxg5 hxg5 27. Rxa7 Kh7 28. Ra8 Rxc7 29. Rxc7 Qxc7 30. Rxf8 Kg7 31. Ra8 Qe5 32. g4 f5 33. gxf5 Qxf5 34. Bg2 g4 35. Ra7+ Kg6 36. a4 g3 37. fxg3 e5 38. Bf2 Qc2 39. a5 Kf6 40. a6 Qc1+ 41. Bf1 e4 42. Bd4+ Ke6 43. Rb7 e3 44. Rb8 Kd5 45. Rd8+ Ke4 46. a7 e2 47. a8Q+ Kd3 48. Qf3+ Kc2 49. Rc8+ Kd2 50. Qxe2# 1-0

[Event "Titled Tuesday intern op 03rd Jan Late"]
[Site "Chess.com INT"]
[Date "2023.01.03"]
[Round "9"]
[White "Abrahamyan, Tatev"]
[Black "Sos Andreu, Eric"]
[Result "1-0"]
[WhiteElo "2294"]
[BlackElo "2352"]
[PlyCount "165"]
[EventDate "2023.01.03"]
[EventType "swiss (blitz)"]
[EventRounds "11"]
[EventCountry "USA"]
[SourceTitle "EXT 2024"]
[Source "ChessBase"]
[SourceDate "2023.10.10"]
[SourceVersion "1"]
[SourceVersionDate "2023.10.10"]
[SourceQuality "1"]

1. e4 c6 2. Nf3 d5 3. d3 dxe4 4. dxe4 Qxd1+ 5. Kxd1 Nf6 6. Nbd2 g6 7. Bc4 Bh6 8. Ke2 0-0 9. a4 a5 10. e5 Nd5 11. c3 Be6 12. g3 Nd7 13. Ba2 Bg7 14. Nc4 b5 15. axb5 cxb5 16. Ne3 Nxe3 17. Bxe6 Nc2 18. Bxd7 Nxa1 19. Bxb5 Nb3 20. Be3 Rfc8 21. h4 h5 22. Rd1 Nc5 23. Rd5 Ne6 24. Bd7 Rcb8 25. Rd2 a4 26. Bxe6 fxe6 27. Bc5 Rb7 28. Bd4 a3 29. bxa3 Rxa3 30. Rc2 Bh6 31. c4 Kf7 32. c5 Rd7 33. c6 Rc7 34. Bb6 Rc8 35. c7 Rb3 36. Rc6 Ra3 37. Nd4 Ra2+ 38. Kf3 Ra3+ 39. Kg2 Bg7 40. f4 Ra2+ 41. Kf3 Ra3+ 42. Kf2 Ra2+ 43. Ke1 Ra3 44. Nxe6 Rxg3 45. Ng5+ Ke8 46. Rxg6 Bf8 47. e6 Rb3 48. Ba5 Rb5 49. Bd2 Rxc7 50. Rg8 Rc6 51. Rh8 Rf5 52. Ke2 Kd8 53. Kf3 Kc7 54. Ke4 Rf6 55. Rxh5 Bh6 56. Ba5+ Kb7 57. f5 Ka6 58. Bb4 Rc4+ 59. Kd5 Rxb4 60. Ne4 Rxe4 61. Kxe4 Kb6 62. Ke5 Kc6 63. Ke4 Kd6 64. Kd4 Kc6 65. Ke4 Kd6 66. Kd4 Kc7 67. Ke5 Kd8 68. Ke4 Ke8 69. Kd5 Kf8 70. Kc6 Ke8 71. Kc7 Kf8 72. Kd7 Bg7 73. Rg5 Rh6 74. h5 Bf6 75. Rg6 Rxh5 76. Rxf6+ Kg7 77. Kxe7 Rh2 78. Rg6+ Kh7 79. Rg4 Ra2 80. f6 Ra7+ 81. Kf8 Ra8+ 82. Kf7 Ra7+ 83. e7 1-0

[Event "Titled Tuesday intern op 03rd Jan Late"]
[Site "Chess.com INT"]
[Date "2023.01.03"]
[Round "8"]
[White "Aldokhin, Ivan"]
[Black "Sos Andreu, Eric"]
[Result "0-1"]
[WhiteElo "2413"]
[BlackElo "2352"]
[PlyCount "122"]
[EventDate "2023.01.03"]
[EventType "swiss (blitz)"]
[EventRounds "11"]
[EventCountry "USA"]
[SourceTitle "EXT 2024"]
[Source "ChessBase"]
[SourceDate "2023.10.10"]
[SourceVersion "1"]
[SourceVersionDate "2023.10.10"]
[SourceQuality "1"]

1. g3 Nf6 2. Bg2 g6 3. d3 Bg7 4. e4 0-0 5. Nf3 d6 6. 0-0 c5 7. Nc3 Nc6 8. Re1 Ne8 9. Bg5 Nc7 10. Qd2 Re8 11. Bh6 Bh8 12. a4 Rb8 13. Re2 Bg4 14. Ree1 Qd7 15. Bh1 a6 16. Rad1 Nd4 17. Nxd4 Bxd1 18. Nxd1 cxd4 19. f4 e6 20. Nf2 f5 21. g4 Bg7 22. Bg5 Qf7 23. Rf1 b5 24. axb5 Rxb5 25. b3 Rc5 26. b4 Rb5 27. exf5 gxf5 28. Bc6 Rbb8 29. Bxe8 Qxe8 30. Qe2 Qg6 31. Kh1 h6 32. Bh4 fxg4 33. Nxg4 Qf5 34. Rg1 Kh7 35. Qe4 Qxe4+ 36. dxe4 Ne8 37. e5 dxe5 38. fxe5 Rxb4 39. Bf6 h5 40. Bxg7 hxg4 41. Bf8 Rb2 42. Rxg4 Rxc2 43. Rxd4 Kg6 44. Rd8 Kf7 45. Bd6 Ng7 46. Rd7+ Kg6 47. Ra7 Nh5 48. Rxa6 Nf4 49. Kg1 Rg2+ 50. Kf1 Rxh2 51. Ra8 Kf5 52. Rf8+ Ke4 53. Bc5 Kf3 54. Ke1 Ke4 55. Kd1 Nd3 56. Bd6 Ra2 57. Rh8 Ke3 58. Rh3+ Ke4 59. Bc7 Nf2+ 60. Kc1 Nxh3 61. Kb1 Re2 0-1

[Event "Titled Tuesday intern op 03rd Jan Late"]
[Site "Chess.com INT"]
[Date "2023.01.03"]
[Round "10"]
[White "Sos Andreu, Eric"]
[Black "Haydon, David Leslie"]
[Result "1-0"]
[WhiteElo "2352"]
[BlackElo "2289"]
[PlyCount "139"]
[EventDate "2023.01.03"]
[EventType "swiss (blitz)"]
[EventRounds "11"]
[EventCountry "USA"]
[SourceTitle "EXT 2024"]
[Source "ChessBase"]
[SourceDate "2023.10.10"]
[SourceVersion "1"]
[SourceVersionDate "2023.10.10"]
[SourceQuality "1"]

1. d4 c6 2. c4 d5 3. Nf3 Nf6 4. g3 e6 5. Bg2 Bd6 6. 0-0 Qe7 7. Qc2 Nbd7 8. b3 dxc4 9. bxc4 e5 10. e4 0-0 11. Nc3 exd4 12. Nxd4 Ne5 13. Nf5 Bxf5 14. exf5 Nxc4 15. Bg5 Na3 16. Qb3 h6 17. Bxf6 gxf6 18. Rad1 Be5 19. Ne4 Rfd8 20. Bf3 Nb5 21. Qe3 Kg7 22. Bg2 Rxd1 23. Rxd1 Rd8 24. Re1 Nd4 25. Rb1 Nb5 26. a4 Na3 27. Rc1 b5 28. axb5 cxb5 29. h3 b4 30. Rc6 Nb5 31. Rc4 a5 32. Qb6 Rb8 33. Qxa5 b3 34. Rb4 b2 35. Rxb5 Rxb5 36. Qxb5 Qa3 37. Kh2 Qa1 38. Nd2 Qc1 39. Qd3 Qd1 40. Be4 h5 41. h4 Qe1 42. Kg2 Bc7 43. Nf3 Qc1 44. Qb1 Qc4 45. Qd3 Qb4 46. Nd2 Bb6 47. Nb1 Qc5 48. Qf3 Qd4 49. Bc2 Qc4 50. Bd3 Qc1 51. Qxh5 Qc5 52. Qg4+ Kf8 53. Qf3 Qd4 54. h5 Kg7 55. Bc2 Kh7 56. Bd3 Qe5 57. Qg4 Bd4 58. h6 Kxh6 59. Qh4+ Kg7 60. Qg4+ Kf8 61. Qf3 Qe1 62. Qe2 Qc1 63. Bc2 Qg5 64. f4 Be5 65. fxg5 Bxg3 66. gxf6 Be5 67. Qxe5 Kg8 68. Qe8+ Kh7 69. Qxf7+ Kh6 70. Qg6# 1-0

[Event "Titled Tuesday intern op 27th Dec Late"]
[Site "Chess.com INT"]
[Date "2022.12.27"]
[Round "1"]
[White "Bryakin, Mikhail"]
[Black "Sos Andreu, Eric"]
[Result "1-0"]
[WhiteElo "2437"]
[BlackElo "2364"]
[PlyCount "169"]
[EventDate "2022.12.27"]
[EventType "swiss (blitz)"]
[EventRounds "11"]
[EventCountry "USA"]
[SourceTitle "EXT 2024"]
[Source "ChessBase"]
[SourceDate "2023.10.10"]
[SourceVersion "1"]
[SourceVersionDate "2023.10.10"]
[SourceQuality "1"]

1. e4 c6 2. Nf3 d5 3. Nc3 dxe4 4. Nxe4 Nf6 5. Qe2 Nxe4 6. Qxe4 Nd7 7. b3 Nf6 8. Qh4 Bf5 9. Bb2 e6 10. 0-0-0 Be7 11. Qg3 0-0 12. d3 a5 13. h3 a4 14. Qe5 axb3 15. axb3 Ra5 16. Qd4 Qxd4 17. Nxd4 Bg6 18. g3 Rd8 19. Bg2 Bc5 20. Ne2 Bxf2 21. Rhf1 Be3+ 22. Kb1 Nd5 23. Be4 Bg5 24. h4 Bf6 25. Bxg6 hxg6 26. Rf3 Rda8 27. d4 Ne7 28. Rfd3 Rd8 29. c3 c5 30. dxc5 Rxd3 31. Rxd3 Rxc5 32. c4 Bxb2 33. Kxb2 b5 34. Kc3 bxc4 35. bxc4 Nc6 36. Nf4 Kf8 37. Rd1 Ke7 38. Rb1 g5 39. Nd3 Ra5 40. Rb7+ Kf6 41. Rc7 Ra3+ 42. Kd2 Ne5 43. hxg5+ Kf5 44. g4+ Nxg4 45. Rxf7+ Kg6 46. Rf4 Kxg5 47. Rf8 Nf6 48. Rf7 Kg6 49. Rf8 Ne4+ 50. Ke2 Nf6 51. Ne5+ Kf5 52. Nf3 Ra4 53. Kd3 e5 54. Nd2 Ra3+ 55. Kc2 Ke6 56. Nb3 e4 57. Kb2 Ra7 58. Rd8 Ke5 59. Kc3 Kf4 60. Rd6 Kf3 61. Re6 e3 62. Nd4+ Kf2 63. Kd3 Ra3+ 64. Kc2 Ra2+ 65. Kb3 Ra5 66. Kb4 Ra1 67. c5 Rb1+ 68. Kc3 Ra1 69. Kb4 Rc1 70. c6 Ng4 71. Re8 Rd1 72. Rf8+ Kg1 73. Nc2 e2 74. c7 e1Q+ 75. Nxe1 Rb1+ 76. Kc3 Rc1+ 77. Nc2 Rxc2+ 78. Kxc2 Ne3+ 79. Kd3 Nd5 80. c8Q Nf6 81. Rxf6 gxf6 82. Qf5 Kg2 83. Qxf6 Kg3 84. Ke3 Kg4 85. Qg6+ 1-0

[Event "Titled Tuesday intern op 27th Dec Late"]
[Site "Chess.com INT"]
[Date "2022.12.27"]
[Round "5"]
[White "Sos Andreu, Eric"]
[Black "Finkelstein, Alan"]
[Result "1-0"]
[WhiteElo "2364"]
[BlackElo "2152"]
[PlyCount "53"]
[EventDate "2022.12.27"]
[EventType "swiss (blitz)"]
[EventRounds "11"]
[EventCountry "USA"]
[SourceTitle "EXT 2024"]
[Source "ChessBase"]
[SourceDate "2023.10.10"]
[SourceVersion "1"]
[SourceVersionDate "2023.10.10"]
[SourceQuality "1"]

1. d4 d5 2. c4 c6 3. Nf3 Nf6 4. e3 e6 5. Nbd2 Nbd7 6. Bd3 Bd6 7. 0-0 0-0 8. e4 e5 9. exd5 cxd5 10. cxd5 exd4 11. Nxd4 Ne5 12. Be2 Nxd5 13. Ne4 Be7 14. Nf3 Nc6 15. Ng3 Be6 16. Re1 Qb6 17. a3 Rad8 18. Qc2 Rc8 19. Qb1 Bc5 20. Ne4 Bf5 21. Rf1 Rfe8 22. Nf6+ Nxf6 23. Qxf5 Rxe2 24. Qxc8+ Nd8 25. Be3 Bxe3 26. fxe3 Ng4 27. Rad1 1-0

[Event "Titled Tuesday intern op 27th Dec Late"]
[Site "Chess.com INT"]
[Date "2022.12.27"]
[Round "8"]
[White "Sos Andreu, Eric"]
[Black "Oro, Faustino"]
[Result "0-1"]
[WhiteElo "2364"]
[BlackElo "2182"]
[PlyCount "96"]
[EventDate "2022.12.27"]
[EventType "swiss (blitz)"]
[EventRounds "11"]
[EventCountry "USA"]
[SourceTitle "EXT 2024"]
[Source "ChessBase"]
[SourceDate "2023.10.10"]
[SourceVersion "1"]
[SourceVersionDate "2023.10.10"]
[SourceQuality "1"]

1. d4 Nf6 2. c4 e6 3. Nf3 d5 4. g3 Be7 5. Bg2 0-0 6. 0-0 dxc4 7. Ne5 Nc6 8. Bxc6 bxc6 9. Nxc6 Qd7 10. Nxe7+ Qxe7 11. Qa4 c5 12. Qa3 Bb7 13. Nc3 Rfc8 14. Na4 e5 15. dxc5 Qd7 16. Be3 Qh3 17. f3 Ng4 18. Rf2 Nxe3 19. Qxe3 f6 20. Rc1 Bc6 21. Rxc4 Rd8 22. Rf1 Rd7 23. Nc3 Rad8 24. Rh4 Qf5 25. b4 Rd4 26. b5 Rxh4 27. gxh4 Be8 28. c6 Rd4 29. Ne4 Qh3 30. c7 Bxb5 31. Rc1 Bd7 32. Qb3+ Kf8 33. Qa3+ Kf7 34. Qb3+ Kg6 35. Nf2 Qf5 36. Qc2 Bc8 37. Qxf5+ Kxf5 38. Ne4 Ke6 39. Kf2 Kd7 40. h5 Ke7 41. Rg1 g6 42. hxg6 hxg6 43. Rxg6 Rc4 44. Rg7+ Kf8 45. Rh7 Bf5 46. Rh8+ Ke7 47. Rg8 Be6 48. Rg7+ Kf8 0-1

[Event "Titled Tuesday intern op 27th Dec Late"]
[Site "Chess.com INT"]
[Date "2022.12.27"]
[Round "7"]
[White "Sos Andreu, Eric"]
[Black "Sailer, Mike L"]
[Result "1-0"]
[WhiteElo "2364"]
[BlackElo "2109"]
[PlyCount "85"]
[EventDate "2022.12.27"]
[EventType "swiss (blitz)"]
[EventRounds "11"]
[EventCountry "USA"]
[SourceTitle "EXT 2024"]
[Source "ChessBase"]
[SourceDate "2023.10.10"]
[SourceVersion "1"]
[SourceVersionDate "2023.10.10"]
[SourceQuality "1"]

1. d4 d5 2. c4 Bf5 3. Qb3 Nc6 4. e3 e6 5. Bd2 Rb8 6. a3 Nf6 7. Nc3 Be7 8. Nf3 0-0 9. Be2 h6 10. 0-0 Ne4 11. Nxe4 Bxe4 12. Rac1 dxc4 13. Bxc4 Bd5 14. Bxd5 exd5 15. Qd3 Bd6 16. b4 Ne7 17. a4 Qd7 18. b5 f5 19. Qb3 Kh8 20. Ne5 Bxe5 21. dxe5 c6 22. Bc3 Rfe8 23. Bd4 b6 24. bxc6 Nxc6 25. Qb5 Nxe5 26. Qxd7 Nxd7 27. Rc7 Nf6 28. Rxa7 Rec8 29. h3 Rc2 30. Rd1 Ra2 31. Bxf6 gxf6 32. Rxd5 b5 33. Rxf5 b4 34. Rxf6 b3 35. Rxh6+ Kg8 36. Rg6+ Kh8 37. Ra5 Kh7 38. Rg4 Rb6 39. Rh5+ Rh6 40. Rxh6+ Kxh6 41. Rb4 b2 42. Kh2 Rxa4 43. Rxb2 1-0

[Event "Benidorm Bali op-A"]
[Site "Benidorm"]
[Date "2022.12.06"]
[Round "4"]
[White "Sos Andreu, Eric"]
[Black "Tscharotschkin, Michael"]
[Result "1/2-1/2"]
[WhiteElo "2364"]
[BlackElo "2137"]
[PlyCount "70"]
[EventDate "2022.12.03"]
[EventType "swiss"]
[EventRounds "9"]
[EventCountry "ESP"]
[SourceTitle "CBM 211 Extra"]
[Source "ChessBase"]
[SourceDate "2023.01.31"]
[SourceVersion "1"]
[SourceVersionDate "2023.01.31"]
[SourceQuality "1"]

1. d4 d5 2. c4 e6 3. Nf3 c6 4. g3 Bd6 5. Bg2 f5 6. 0-0 Nf6 7. b3 Qe7 8. Bb2 0-0 9. Nbd2 Ne4 10. Ne5 Nxd2 11. Qxd2 Nd7 12. Nd3 Nf6 13. f3 Bd7 14. Bc3 Be8 15. Kh1 Bf7 16. Rab1 Rad8 17. c5 Bc7 18. Ba5 Bxa5 19. Qxa5 g5 20. Qd2 h6 21. b4 Nd7 22. Qe3 Bg6 23. Rb3 f4 24. gxf4 Bxd3 25. Qxd3 Rxf4 26. Qg6+ Qg7 27. Qxe6+ Kh8 28. e3 Nf8 29. Qe5 Qxe5 30. dxe5 Rf5 31. f4 gxf4 32. exf4 Ng6 33. Rbf3 Rdf8 34. Bh3 Nxe5 35. Bxf5 Nxf3 1/2-1/2

[Event "Benidorm Bali op-A"]
[Site "Benidorm"]
[Date "2022.12.05"]
[Round "3"]
[White "Raghav, Srivathsav V"]
[Black "Sos Andreu, Eric"]
[Result "0-1"]
[WhiteElo "2059"]
[BlackElo "2364"]
[PlyCount "44"]
[EventDate "2022.12.03"]
[EventType "swiss"]
[EventRounds "9"]
[EventCountry "ESP"]
[SourceTitle "CBM 211 Extra"]
[Source "ChessBase"]
[SourceDate "2023.01.31"]
[SourceVersion "1"]
[SourceVersionDate "2023.01.31"]
[SourceQuality "1"]

1. e4 c6 2. d4 d5 3. exd5 cxd5 4. Bf4 Nc6 5. c3 e6 6. Nd2 Bd6 7. Bg3 Nge7 8. Ngf3 0-0 9. Bd3 f6 10. Qc2 g6 11. h4 Bxg3 12. fxg3 Qd6 13. Nf1 e5 14. dxe5 fxe5 15. 0-0-0 Be6 16. h5 Nb4 17. Qa4 Nxd3+ 18. Rxd3 e4 19. hxg6 Nxg6 20. Rd1 exf3 21. gxf3 Rxf3 22. Rh5 Qa6 0-1